<?xml version="1.0" encoding="UTF-8"?>
<record
    xmlns:xsi="http://www.w3.org/2001/XMLSchema-instance"
    xsi:schemaLocation="http://www.loc.gov/MARC21/slim http://www.loc.gov/standards/marcxml/schema/MARC21slim.xsd"
    xmlns="http://www.loc.gov/MARC21/slim">

  <leader>00870nam a2200181Ia 4500</leader>
  <controlfield tag="008">151202s9999||||xx |||||||||||||| ||und||</controlfield>
  <datafield tag="082" ind1=" " ind2=" ">
    <subfield code="b">PNVM-8594</subfield>
  </datafield>
  <datafield tag="100" ind1=" " ind2=" ">
    <subfield code="a">&#x926;&#x93E;&#x924;&#x93E;&#x930; &#x935;&#x93E;&#x92E;&#x928;&#x936;&#x93E;&#x938;&#x94D;&#x924;&#x94D;&#x930;&#x940;.</subfield>
  </datafield>
  <datafield tag="245" ind1=" " ind2=" ">
    <subfield code="a">&#x924;&#x926;&#x93F;&#x924;&#x93F;&#x935;&#x943;&#x924;&#x94D;&#x924;&#x92E;.(&#x92A;&#x902;&#x91A;&#x92E;&#x939;&#x93E;&#x92D;&#x942;&#x924;&#x924;&#x94D;&#x930;&#x93F;&#x926;&#x94B;&#x937; &#x91A;&#x930;&#x94D;&#x91A;&#x93E; &#x92A;&#x930;&#x93F;&#x937;&#x926;).</subfield>
  </datafield>
  <datafield tag="260" ind1=" " ind2=" ">
    <subfield code="b">"&#x935;&#x93E;.&#x926;&#x93E;&#x924;&#x93E;&#x930;,&#x928;&#x93E;&#x938;&#x93F;&#x915;."</subfield>
  </datafield>
  <datafield tag="260" ind1=" " ind2=" ">
    <subfield code="c">1940</subfield>
  </datafield>
  <datafield tag="300" ind1=" " ind2=" ">
    <subfield code="a">110</subfield>
  </datafield>
  <datafield tag="600" ind1=" " ind2=" ">
    <subfield code="a">&#x926;&#x93E;&#x924;&#x93E;&#x930; &#x935;&#x93E;&#x92E;&#x928;&#x936;&#x93E;&#x938;&#x94D;&#x924;&#x94D;&#x930;&#x940;.</subfield>
  </datafield>
  <datafield tag="630" ind1=" " ind2=" ">
    <subfield code="a">&#x924;&#x926;&#x93F;&#x924;&#x93F;&#x935;&#x943;&#x924;&#x94D;&#x924;&#x92E;.(&#x92A;&#x902;&#x91A;&#x92E;&#x939;&#x93E;&#x92D;&#x942;&#x924;&#x924;&#x94D;&#x930;&#x93F;&#x926;&#x94B;&#x937; &#x91A;&#x930;&#x94D;&#x91A;&#x93E; &#x92A;&#x930;&#x93F;&#x937;&#x926;).</subfield>
  </datafield>
  <datafield tag="700" ind1=" " ind2=" ">
    <subfield code="a">&#x926;&#x93E;&#x924;&#x93E;&#x930; &#x935;&#x93E;&#x92E;&#x928;&#x936;&#x93E;&#x938;&#x94D;&#x924;&#x94D;&#x930;&#x940;.</subfield>
  </datafield>
  <datafield tag="730" ind1=" " ind2=" ">
    <subfield code="a">&#x924;&#x926;&#x93F;&#x924;&#x93F;&#x935;&#x943;&#x924;&#x94D;&#x924;&#x92E;.(&#x92A;&#x902;&#x91A;&#x92E;&#x939;&#x93E;&#x92D;&#x942;&#x924;&#x924;&#x94D;&#x930;&#x93F;&#x926;&#x94B;&#x937; &#x91A;&#x930;&#x94D;&#x91A;&#x93E; &#x92A;&#x930;&#x93F;&#x937;&#x926;).</subfield>
  </datafield>
  <datafield tag="942" ind1=" " ind2=" ">
    <subfield code="c">BOOK</subfield>
  </datafield>
  <datafield tag="999" ind1=" " ind2=" ">
    <subfield code="c">1274583</subfield>
    <subfield code="d">1274580</subfield>
  </datafield>
  <datafield tag="952" ind1=" " ind2=" ">
    <subfield code="0">0</subfield>
    <subfield code="1">0</subfield>
    <subfield code="4">0</subfield>
    <subfield code="7">0</subfield>
    <subfield code="a">PNVM</subfield>
    <subfield code="b">PNVM</subfield>
    <subfield code="d">2015-07-09</subfield>
    <subfield code="g">0.00</subfield>
    <subfield code="l">0</subfield>
    <subfield code="o">PNVM-8594</subfield>
    <subfield code="p">PNVM-8594</subfield>
    <subfield code="r">2015-12-02 00:00:00</subfield>
    <subfield code="v">0.00</subfield>
    <subfield code="w">2015-12-02</subfield>
    <subfield code="y">BOOK</subfield>
  </datafield>
</record>
